00323nam a2200121Ia 4500008004100000041000800041082001500049100001900064245004500083260003800128300002600166365000900192240624s9999 xx 000 0 und d aeng a332.4 RIC  aRICKARDS JAMES aDEATH OF MONEY THE COMING COLLAPSE OF TH c2017aNew YorkbPortfolio Penguin axxiii, 356 p.; 23 cm. cb35